Loading...
| Social Science | 0 | 4 | 0 | 0 | 40 | 111 | 120.75 | 0 | 0 |
| Religion | 0 | 4 | 2 | 1 | 30 | 120 | 135.50 | 0 | 0 |
| Literature - European Literature | 0 | 3 | 0 | 3 | 30 | 146 | 148.33 | 0 | 0 |
| History - American History | 0 | 4 | 2 | 0 | 30 | 75 | 100.25 | 0 | 1 |
| Science - Other Science | 0 | 3 | 1 | 0 | 25 | 102 | 114.67 | 0 | 0 |
| History - World History | 0 | 4 | 3 | 0 | 25 | 103 | 120.75 | 0 | 0 |
| Literature - American Literature | 0 | 2 | 0 | 0 | 20 | 126 | 135.50 | 0 | 0 |
| Fine Arts - Other Fine Arts | 0 | 2 | 0 | 0 | 20 | 144 | 148.50 | 0 | 0 |
| History - European History | 0 | 2 | 0 | 0 | 20 | 98 | 108.00 | 0 | 0 |
| Science - Biology | 0 | 2 | 0 | 0 | 20 | 49 | 73.00 | 0 | 0 |
| Literature - British Literature | 0 | 2 | 2 | 0 | 10 | 137 | 149.00 | 0 | 0 |
| Fine Arts - Classical Music | 0 | 1 | 0 | 0 | 10 | 140 | 140.00 | 0 | 0 |
| Geography | 0 | 1 | 0 | 0 | 10 | 127 | 127.00 | 0 | 0 |
| Literature - World Literature | 0 | 1 | 0 | 0 | 10 | 98 | 98.00 | 0 | 1 |
| Other Academic | 0 | 1 | 0 | 0 | 10 | 118 | 118.00 | 0 | 0 |
| Science - Physics | 0 | 1 | 0 | 0 | 10 | 126 | 126.00 | 0 | 0 |
| Mythology | 0 | 1 | 1 | 0 | 5 | 118 | 118.00 | 0 | 0 |
| History - Other History | 0 | 2 | 3 | 0 | 5 | 102 | 106.50 | 1 | 1 |
| Fine Arts - Painting & Sculpture | 0 | 1 | 1 | 0 | 5 | 143 | 143.00 | 0 | 0 |
| Philosophy | 0 | 0 | 1 | 0 | -5 | 0.00 | 0 | 0 | |
| Current Events | 0 | 0 | 2 | 0 | -10 | 0.00 | 0 | 0 |